000 00327nam a22001457a 4500
008 210311b ||||| |||| 00| 0 eng d
020 _a9780558501235
041 _aeng
080 _a510
082 _a510
100 _a36
101 _aMAT
245 _aIntroductory and Intermediate Algebra
_cLial, M. L
942 _2udc
_cBK
999 _c56454
_d56454